| 000 | 02854cam a22004694i 4500 | ||
|---|---|---|---|
| 003 | PE-LiUPU | ||
| 005 | 20250731165424.0 | ||
| 008 | 160127s2015 pe a grm 000 0 spa d | ||
| 035 | _a(Sirsi) a155839 | ||
| 040 |
_aPE-LiUPU _bspa _cPE-LiUPU _erda |
||
| 082 | 0 | 4 |
_a262.06732 _bS21 T3 |
| 099 |
_aTT 3 _bS21 2015 |
||
| 100 | 1 |
_aSanca Quispe, Abraham David _eautor |
|
| 245 | 1 |
_aPropiedades psicométricas de la escala de características de una iglesia saludable (C.I.S) / _cAbraham David Sanca Quispe. |
|
| 264 | 0 | _c2015. | |
| 300 |
_a139 hojas : _bilustraciones; _c28.5 cm |
||
| 336 |
_atext _2rdacontent |
||
| 337 |
_aunmediated _2rdamedia |
||
| 338 |
_avolume _2rdacarrier |
||
| 502 |
_aTesis _b(Mg.) -- _cUniversidad Peruana Unión, _d2015. |
||
| 504 | _aIncluye bibliografía | ||
| 520 | 3 | _aEl propósito de la presente investigación fue construir y adaptar un instrumento válido y fiable que pueda detectar los puntos débiles y fuetes de una iglesia saludable. El propósito es determinar las propiedades psicométricas de la escala de características de una iglesia saludable (C.I.S.) El estudio de tipo psicométrico, dado que se describe y explica las propiedades psicométricas del test, utilizando un diseño no experimental de corte transversa, en vista de que la recolección de datos es un momento único. De acuerdo con los datos y resultados presentados en esta investigación sobre construcción y adaptación de la escala de características de una iglesia saludable, se concluye: 1. En relación al propósito general, al escala CIS tiene adecuadas propiedades psicométricas. 2. La validez de contenido de la escala CIS alcanza niveles adecuados de significación estadística. 3. Existe una buena consistencia interna de la escala, tanto a nivel de puntaje total (a=,89), como en las diversos componentes del instrumento, cuyos índices de fiabilidad varían entre ,729 y ,872. 4. Existe validez de constructo, puesto que el modelo propuesto en el análisis factorial confirmatorio muestra adecuados índices de ajuste. 5. La escala C.I.S presenta normas de interpretación de las características de una iglesia saludable, tanto a nivel global como por dimensiones. | |
| 526 | _aSEG44 | ||
| 526 | _aSEG26 | ||
| 526 | _aP151 | ||
| 526 | _aP150 | ||
| 526 | _aP149 | ||
| 526 | _aP146 | ||
| 526 | _aP145 | ||
| 526 | _aP126 | ||
| 526 | _aP125 | ||
| 526 | _aP92 | ||
| 526 | _aP75 | ||
| 526 | _aP74 | ||
| 526 | _aP27 | ||
| 526 | _aP15 | ||
| 610 |
_aAdventistas del Séptimo Día _zLima, Perú _xPsicometría _vTesis. |
||
| 610 | 0 | 4 |
_aIglesia Adventista del Séptimo Día _xAdministración _vTesis. |
| 596 | _a1 | ||
| 942 |
_2ddc _cTESIS |
||
| 999 |
_aTT 3 S21 2015 _wALPHANUM _c8516 _iT01874 _lCCODEBUL3 _mBUL _r1 _sY _tTESIS _u2016-1-27 _xPOSGRADO _PP94 _o.STAFF. Tesis _d8516 |
||
| 980 |
_81 _gALBERTO SANCHEZ Responsable de Automatización |
||